|
|
|
|
| LEADER |
00000nab a2200000 a 4500 |
| 001 |
vtls009491779 |
| 003 |
SK-MaSNL |
| 005 |
20260304025027.0 |
| 008 |
090414 2009 xo w 000 0 slo |
| 038 |
|
|
|a TNKJF
|
| 040 |
|
|
|a TNKJF
|b slo
|c TNKJF
|e AACR2
|
| 041 |
0 |
|
|a slo
|
| 044 |
|
|
|a xo
|c SK
|
| 080 |
|
|
|a 725.84-056.26
|x (437.612.427)
|2 2001
|
| 245 |
0 |
0 |
|a Paralympijské centrum otvoria o dva roky. Začali s výstavbou
|b Ján Riapoš verí, že tentoraz už projekt nič neprekazí
|c [autor] (RAS)
|
| 300 |
|
|
|b Fotogr.
|
| 650 |
0 |
7 |
|a paralympionici
|2 tnkjf
|9 59773
|
| 650 |
0 |
7 |
|a telesne postihnutí športovci
|2 tnkjf
|9 889574
|
| 650 |
0 |
7 |
|a športové centrá
|2 tnkjf
|9 1034125
|
| 651 |
|
7 |
|a Piešťany (Slovensko)
|2 tnkjf
|9 23981
|
| 773 |
0 |
|
|t Trnavské noviny - MY
|g Roč. 19, č. 14 (2009), s. 4
|x 1335-4442
|
| 852 |
|
|
|a TNKJF
|b KIS3GCP
|
| 958 |
|
|
|a SK
|
| 999 |
|
|
|c 2624913
|d 2626843
|